| 000 | 00779nam a2200205 a 4500 | ||
|---|---|---|---|
| 008 | 130409s2008 ||||||||||||||||| || u | ||
| 020 | _a9780340959336 | ||
| 050 | _aHF 5351 Mot | ||
| 100 | _aGrant, Alex | ||
| 245 | 1 | 0 |
_aOCR AS Business studies. -- 2nd ed. _cby Andy Mottershead, Steve Challoner and Alex Grant |
| 250 | _a2nd ed. | ||
| 260 |
_aOxfordshire, UK: _bPhilip Allan Updates _c2008 |
||
| 300 | _aix, 310p.: ill. + CD-ROM | ||
| 500 | _aText accompanied by CD-ROM (See Cybrary staff) | ||
| 650 | 0 | _aBUSINESS | |
| 650 | 0 | _aINDUSTRIAL MANAGEMENT | |
| 700 | _aMottershead, Andy | ||
| 700 | _aChalloner, Steve | ||
| 995 |
_FCBU-MAIN LIBRARY (Kitwe) _M1 _UAVAILABLE _WMay 10, 2013 _ZMain Library Open Access Collection |
||
| 999 |
_c52489 _d52489 |
||